<?xml version="1.0" encoding="UTF-8"?>
<record
    xmlns:xsi="http://www.w3.org/2001/XMLSchema-instance"
    xsi:schemaLocation="http://www.loc.gov/MARC21/slim http://www.loc.gov/standards/marcxml/schema/MARC21slim.xsd"
    xmlns="http://www.loc.gov/MARC21/slim">

  <leader>00498    a2200109   4500</leader>
  <controlfield tag="001">ART_45070</controlfield>
  <controlfield tag="005">20260410162038.0</controlfield>
  <controlfield tag="008">260409a                                 </controlfield>
  <datafield tag="245" ind1="1" ind2="0">
    <subfield code="a">Los cambios en el proceso de producci&#xF3;n de algod&#xF3;n en el Chaco en las &#xFA;ltimas d&#xE9;cadas y sus consecuencias en las condiciones de vida de minifundistas y trabajadores vinculados</subfield>
  </datafield>
  <datafield tag="100" ind1="1" ind2=" ">
    <subfield code="a">Garc&#xED;a, In&#xE9;s Liliana</subfield>
  </datafield>
  <datafield tag="773" ind1="0" ind2=" ">
    <subfield code="t">Revista de estudios regionales y mercado de trabajo</subfield>
    <subfield code="g">- N&#xB0; 3 (ene./dic. 2007)</subfield>
    <subfield code="w">REV44894</subfield>
  </datafield>
  <datafield tag="999" ind1=" " ind2=" ">
    <subfield code="c">34643</subfield>
    <subfield code="d">34643</subfield>
  </datafield>
</record>
